ბათუმის შოთა რუსთაველის სახელმწიფო უნივერსიტეტის ბიბლიოთეკა

მცირე ბიზნესის ორგანიზაციისა და მართვის სტრატეგია თანამედროვე საბაზრო სისტემაში / (ბიბ.ჩანაწერი № 44988)

000 -ლიდერი
ფიქსირებული სიგრძის საკონტროლო ველი 02034nam a2200277Ia 4500
001 - საკონტროლო ნომერი
საკონტროლო ველი 11809
003 - საკონტროლო ნომრის იდენტიფიკატორი
საკონტროლო ველი GE_BSU
005 - ბოლო ოპერაციის თარიღი და დრო
საკონტროლო ველი 20240618114127.0
008 - ფიქსირებული სიგრძის მონაცემთა ელემენტები - ზოგადი ინფორმაცია
ფიქსირებული სიგრძის საკონტროლო ველი 181216s2013||||ge |||||||||||||| ||geo||
020 ## - წიგნის საერთაშორისო სტანდარტული ნომერი
International Standard Book Number 978-9941-22-095-1
040 ## - კატალოგიზაციის წყარო
Transcribing agency GE_BSU
041 ## - ენის კოდი
Language code of text/sound track or separate title geo
080 ## - უნივერსალური ათობითი კლასიფიკაციის ინდექსი
Universal Decimal Classification number 005.511+338.22 ც–51
100 ## - მთავარი ჩანაწერი - პიროვნების სახელი
Personal name ცეცხლაძე, ლეილა
9 (RLIN) 11727
245 ## - ცნობა სათაურის შესახებ
Title მცირე ბიზნესის ორგანიზაციისა და მართვის სტრატეგია თანამედროვე საბაზრო სისტემაში /
Statement of responsibility, etc ლეილა ცეცხლაძე ; რედ. რეზო მანველიძე ; ბათუმის შოთა რუსთაველის სახელმწ. უნ-ტი, სოციალ. მეცნ., ბიზნ. და სამართალმცოდნ. ფაკ-ტი, ეკონ. პოლიტ. და ბიზნ. ადმინისტრირების დეპარტამენტი.
264 ## - წარმოების, გამოცემის, დისტრიბუციის და სხვა ცნობები
გამოცემის, წარმოების, დისტრიბუციის... ადგილი ბათუმი :
გამოცემის, წარმოების, დისტრიბუციის... სახელწოდება უნივერსიტეტის გამ–ბა,
გამოცემის, წარმოების, დისტრიბუციის... თარიღი 2013.
300 ## - ფიზიკური აღწერა
Extent 244 გვ. ;
Dimensions 20 სმ.
Accompanying material სქ., ცხრ.
500 ## - ზოგადი შენიშვნა
General note დანართები : გვ. 242-244
504 ## - BIBLIOGRAPHY, ETC. NOTE
Bibliography, etc ბიბლიოგრ. : გვ. 231-241
520 ## - SUMMARY, ETC.
Summary, etc რეზიუმე ინგლისურ ენაზე
653 ## - INDEX TERM--UNCONTROLLED
Uncontrolled term მცირე ბიზნესი
653 ## - INDEX TERM--UNCONTROLLED
Uncontrolled term ბიზნესის მართვა
700 ## - ADDED ENTRY--PERSONAL NAME
Personal name მანველიძე, რეზო
Relator term რედაქტორი
9 (RLIN) 1497
710 ## - ADDED ENTRY--CORPORATE NAME
Corporate name or jurisdiction name as entry element ბათუმის შოთა რუსთაველის სახელმწ. უნ-ტი
Subordinate unit სოციალ. მეცნ., ბიზნ. და სამართალმცოდნ. ფაკ-ტი,
Relator term ეკონ. პოლიტ. და ბიზნ. ადმინისტრირების დეპარტამენტი
9 (RLIN) 22472
942 ## - ADDED ENTRY ELEMENTS (KOHA)
Koha item type წიგნი
Source of classification or shelving scheme
ეგზემპლარები
ჩამოწერის სტატუსი დაკარგული ეგზემპლარის სტატუსი კლასიფიკაციის წყარო ან თაროზე გაწყობის სქემა დაზიანების სტატუსი არ გაიცემა მუდმივი მდებარეობა (დაცვის ადგილი) ამჟამინდელი ადგილსამყოფელი თაროზე განთავსების ადგილი შეძენის თარიღი სრული შენახვის შიფრი შტრიხკოდი ბოლო ოპერაციის თარიღი ეგზემპლარის მიმდევრობითი ნომერი (კეტერი?) ფასის ძალაში შესვლის თარიღი ეგზემპლარის სახეობა
          ბათუმის შოთა რუსთაველის სახელმწიფო უნივერსიტეტის მთავარი ბიბლიოთეკა ბათუმის შოთა რუსთაველის სახელმწიფო უნივერსიტეტის მთავარი ბიბლიოთეკა წიგნსაცავი 2018-12-17 005.511+338.22 ც–51 26887 2018-12-17 26887 2018-12-17 წიგნი